000 00901nam a22002897a 4500
001 BR0806280
003 BR-BrBNA
005 20230928102739.0
007 ta
008 230509b bl.||||| |||| 00| 0 por d
040 _aBR-BrBNA
_bpor
_cBiblioteca Nacional de Agricultura
041 _a(Por)
072 _aE50; C10
090 _ E50 BR0806280
100 1 _aAndretta, V.
110 1 _aUniversidade Federal de Lavras, MG (Brasil)
_0Tese (Mestrado)
245 1 _aPercepção ambiental dos alunos do curso de especialização em ecoturismo da Universidade Federal de Lavras
260 3 _aLavras, MG (Brasil):
_c2008.
300 _a100 p.
500 _aSummaries (Eng, Por); Bibliography p. 81-87; 21 illus.; 5 tables
650 _aTURISMO RURAL
650 _aCURSO
650 _aEDUCAÇÃO AMBIENTAL
650 _aENSINO SUPERIOR
909 _a202309
_bLucia
_c55
_dLucia Elande
942 _cBK
999 _c72302
_d72302